| 000 | 00854cam a22002771 4500 | ||
|---|---|---|---|
| 001 | sa 68002420 | ||
| 003 | DLC | ||
| 005 | 20260227112443.0 | ||
| 008 | 890824s1965 ii abc b 000 0 hino | ||
| 010 | _asa 68002420 | ||
| 035 | _a(OCoLC)20243389 | ||
| 040 |
_aDLC _cWaU _dDLC |
||
| 041 | 0 | _ahinsan | |
| 042 | _apremarc | ||
| 050 | 0 | 0 |
_aPK3796.M7 _bP36 |
| 100 | 0 |
_aŚrīrañjana Sūrideva, _d1926- |
|
| 245 | 0 | 0 | _aMeghadūta : eka anucintana. |
| 260 | _c[1965] | ||
| 300 |
_a18, 390 p. _billus., map, ports. _c22 cm. |
||
| 500 | _aIn Hindi; includes Sanskrit text by Kālids̄a, and commentary. | ||
| 500 | _aAppendices (p. [209]-389) | ||
| 504 | _aBibliographical footnotes. | ||
| 600 | 0 | 0 |
_aKālidāsa. _tMeghadūta. |
| 700 | 0 |
_aKālidāsa. _tMeghadūta. |
|
| 700 | 1 |
_aSharma, Ramavatar, _d-1929. _tKālidāsa : paricaya aura kāla-nirṇaya. |
|
| 999 |
_c78702 _d78702 |
||